书目信息 |
| 题名: |
大学英语综合技能训练——读写
|
|
| 作者: | 邹艳 主编 | |
| 分册: | ||
| 出版信息: | 北京 机械工业出版社 2004.07 |
|
| 页数: | 219页 | |
| 开本: | 24cm | |
| 丛书名: | 大学英语知识和技能训练指导系列 | |
| 单 册: | ||
| 中图分类: | H31 | |
| 科图分类: | ||
| 主题词: | 英语--高等学校--学习参考资料 , 英语--阅读教学--高等学校--教学参考资料 , 英语--写作--高等学校--教学参考资料 | |
| 电子资源: | ||
| ISBN: | 7-111-14725-1 | |
| 000 | 01156nam2 2200265 450 | |
| 001 | 0175008890 | |
| 005 | 20050922155851.98 | |
| 010 | @a7-111-14725-1@dCNY22.00 | |
| 100 | @a20050725d2004 km y0chiy0120 ea | |
| 101 | 0 | @achi@aeng |
| 102 | @aCN@b110000 | |
| 105 | @aa z 000yy | |
| 200 | 1 | @a大学英语综合技能训练——读写@Ada xue ying yu zong he ji neng xun lian——du xie@f邹艳主编@Fzou yan zhu bian |
| 210 | @a北京@c机械工业出版社@d2004.07 | |
| 215 | @a219页@c图@d24cm | |
| 225 | 2 | @a大学英语知识和技能训练指导系列@Ada xue ying yu zhi shi he ji neng xun lian zhi dao xi lie@f主编郭浩儒 |
| 330 | @a本书分为10个单元,每个单元均包括读写两部分,阅读部分先介绍略读、查读、猜词义、理解段落和修辞等常用技巧,再辅以一篇课文和与该单元技巧相关的主客观练习,最后有快速阅读限定阅读时间,对学生提出更高的要求。 | |
| 410 | 0 | @12001 @a大学英语知识和技能训练指导系列@1701 0@a郭浩儒@Aguo hao ru@4主编 |
| 606 | 0 | @a英语@x高等学校@j学习参考资料 |
| 606 | 0 | @a英语@x阅读教学@x高等学校@j教学参考资料 |
| 606 | 0 | @a英语@x写作@x高等学校@j教学参考资料 |
| 690 | @aH31@v4 | |
| 701 | 0 | @a邹艳@Azou yan@4主编 |
| 801 | 0 | @aCN@bQSSK@c20050922 |
| 905 | @a10447@dH31@eZ973 | |
| 大学英语综合技能训练——读写/邹艳主编.-北京:机械工业出版社,2004.07 |
| 219页:图;24cm.-(大学英语知识和技能训练指导系列/主编郭浩儒) |
| ISBN 7-111-14725-1:CNY22.00 |
| 本书分为10个单元,每个单元均包括读写两部分,阅读部分先介绍略读、查读、猜词义、理解段落和修辞等常用技巧,再辅以一篇课文和与该单元技巧相关的主客观练习,最后有快速阅读限定阅读时间,对学生提出更高的要求。 |
| ● |
| 相关链接 |
|
|
|
正题名:大学英语综合技能训练——读写
索取号:H31/Z973
 
预约/预借
| 序号 | 登录号 | 条形码 | 馆藏地/架位号 | 状态 | 备注 |
| 1 | 526430 | 205264300 | 语言库209/209语言库 91排4列6层/ [索取号:H31/Z973] | 在馆 | |
| 2 | 526431 | 205264319 | 语言库209/209语言库 91排4列6层/ [索取号:H31/Z973] | 在馆 | |
| 3 | 526432 | 205264328 | 语言库209/209语言库 91排4列6层/ [索取号:H31/Z973] | 在馆 |